header

Child welfare supervision (Record no. 107690)

MARC details
000 -LEADER
fixed length control field 01505nam a22003614a 4500
082 04 - DEWEY DECIMAL CLASSIFICATION NUMBER
Classification number 362.7068/3
245 00 - TITLE STATEMENT
Title Child welfare supervision
260 ## - PUBLICATION, DISTRIBUTION, ETC. (IMPRINT)
Place of publication Oxford ;
-- New York :
Name of publisher Oxford University Press,
Year of publication 2009.
300 ## - PHYSICAL DESCRIPTION
Number of Pages xv, 375 p. :
Other physical details ill.
650 #0 - SUBJECT ADDED ENTRY--TOPICAL TERM
Topical Term Child welfare
Topical Term Child welfare
Topical Term Social work administration.
Topical Term Social workers
Topical Term Child welfare workers
700 1# - ADDED ENTRY--PERSONAL NAME
Personal name Potter, Cathryn C.
Personal name Brittain, Charmaine.
856 40 - ELECTRONIC LOCATION AND ACCESS
Uniform Resource Identifier http://site.ebrary.com/lib/rucke/Doc?id=10358545

No items available.

© 2026 Rongo University
Contact us: librarian | system librarian | Rongo university